Why does God Allow Natural Disasters? (Record no. 20980)

MARC details
000 -LEADER
fixed length control field 00351nam a22001457a 4500
020 ## - INTERNATIONAL STANDARD BOOK NUMBER
ISBN 978-93-83691-50-0
082 ## - DEWEY DECIMAL CLASSIFICATION NUMBER
Classification number 231.8 PAW
100 ## - MAIN ENTRY--AUTHOR NAME
Author name Pawson, David
245 ## - TITLE STATEMENT
Title Why does God Allow Natural Disasters?
260 ## - PUBLICATION, DISTRIBUTION, ETC. (IMPRINT)
Place of publication Secunderabad
Name of publisher Authentic Books
Year of publication 2007
300 ## - PHYSICAL DESCRIPTION
Number of Pages 78
650 ## - SUBJECT ADDED ENTRY--TOPICAL TERM
Topical Term Theology-God and Evil
942 ## - ADDED ENTRY ELEMENTS (KOHA)
Koha item type Books
Holdings
Home library Current library Shelving location Date acquired Source of acquisition Cost, normal purchase price Full call number Accession Number Koha item type
Henry Martyn Institute Library Henry Martyn Institute Library General stacks 05/04/2018 Director 200.00 231.8 PAW 11003635 Books
                   Copyright © 2026 | Henry Martyn Institute | Hyderabad | TS-500052 | INDIA | Implemented by hmi.edu.in
Hit-Count:

Powered by Koha